| 000 | 00630nam a2200193Ia 4500 | ||
|---|---|---|---|
| 008 | 210417s9999 xx 000 0 und d | ||
| 020 | _a9788184845334 | ||
| 020 | _b8184845332 | ||
| 082 | _a302.23430954 DAY | ||
| 082 | _b22.302.23430954 DAY | ||
| 245 | 0 | _aCinema and society : its influence and importance in different spheres of human life | |
| 245 | 0 | _cCinema and society its influence and importance in different spheres of human life | |
| 250 | _b"xvii, 287 p.; 28 cm. ; hbk." | ||
| 260 | _aNew Delhi | ||
| 260 | _bRegal Publications | ||
| 260 | _c2016 | ||
| 700 | _aDaya Nand Gautam | ||
| 700 | _bDaya Nand Gautam | ||
| 999 |
_c488440 _d488440 |
||